LEADER 00854nam a2200229 i 4500 001 000000210933 003 CaOOAMICUS 005 20120215000000.0 008 120215s1985 it u000 u ita u 013 $a189746 040 $aSeMil$bita 100 1 $aYourcenar, Marguerite,$d<1903-1987>.$0(OLS)http://semarc/name/1233 245 10$aCon beneficio d'inventario /$cMarguerite Yourcenar. 260 $aMilano :$bBompiani,$c1985. 300 $a269p. ;$c21cm. 490 0 $aNuovo Portico ;$v40 830 0$aNuovo portico ;$v40.$0(OLS)http://semarc/title/18040 850 $aSeMil 852 $aSeMil$W1$xVenegono$y1$m1U II 93$j161380$B161380$CSeMilBibl$Z2$F172917 $81 961 $aLascito: Calori don Carlo 996 $6245$aCon beneficio d'inventario$9(OLS)http://semarc/title/304770 996 $6260$aMilano :$bBompiani$9(OLS)http://semarc/publisher/29706 LEADER 01051nam a2200241 i 4500 001 000000101712 003 CaOOAMICUS 005 20180830171923.0 008 180830s1990 xx u000 u und u 013 $a73864 020 $a88-7763-823-0 040 $aSeMil$bita 100 1 $aOrsenigo, Luca.$0(OLS)http://semarc/name/43640 245 12$aL'ossessione dell'assoluto. L'Epifania del Sacro nella letteratura ita liana contemporanea. 260 $aTorino :$bTirrenia Stampatori,$c1990. 300 $a139 p. 650 4$aLetteratura italiana - Sec. 20.$0(OLS)http://semarc/subject/1259 650 4$aDio - Letteratura.$0(OLS)http://semarc/subject/17918 850 $aSeMil 852 $aSeMil$W1$xVenegono$y1$m387 1 1 *$j58440$B58440$CSeMilBibl$Z2$F69223 $81 996 $6020$a88-7763-823-0$9(OLS)http://semarc/number/81469 996 $6245$aL'ossessione dell'assoluto. L'Epifania del Sacro nella letteratura ita liana contemporanea$9(OLS)http://semarc/title/148542 996 $6260$aTorino :$bTirrenia Stampatori$9(OLS)http://semarc/publisher/41898